Stevie Nicks Top 100 Singles - Statistics

General Stats
  • This quiz has been taken 48 times
  • The average score is 5 of 13
Answer Stats
Top 100 Billboard Hits by Miss Stephanie Nicks herself % Correct
#11 Edge of Seventeen
92%
#5 Stand Back
64%
#3 Stop Draggin My Heart Around
64%
#6 Leather and Lace
62%
#16 Rooms on Fire
59%
#16 I Can't Wait
46%
#4 Talk to Me
44%
#14 If Anyone Falls
36%
#32 After the Glitter Fades
28%
#33 Nightbird
18%
#60 Has Anyone Ever Written Anything for You?
8%
#56 Sometimes Its A Bitch
8%
#57 Maybe Love Will Change Your Mind
3%
No matching quizzes found
Score Distribution
Percent of People with Each Score
Percentile by Number Answered
Your Score History
You have not taken this quiz